The Last: Science Quiz Stats

 Plays Quiz Updated Dec 28, 2018

     
Support Sporcle.
Go Orange.
Score 0/16 Timer 06:00
0 Plays Today
Question Answer Wrong Answers
Last continent to be colonized by man? Antarctica
88.8%
Asia
0.9%
South America
8.2%
Europe
0.9%
Last planet to be discovered? Neptune
86.7%
Mercury
7.5%
Venus
3.6%
Mars
1.3%
Last Galápagos Pinta Island tortoise? Lonesome George
79.1%
Sad Colin
5.2%
Grumpy Steve
9.2%
Maudlin Fred
6.1%
Last of these books to be written? Mathematical Principles of Natural Philosophy (Newton)
73.3%
On the Fabric of the Human Body (Vesalius)
12.6%
On the Revolutions of Heavenly Spheres (Copernicus)
7.7%
Physics (Aristotle)
1.7%
Last of these places to have a nuclear accident? Fukushima
71.8%
Chernobyl
14.4%
Sellafield
3.2%
Three Mile Island
6.4%
Last of these elements to be named? Tennessine
69.4%
Tungsten
6.1%
Carbon
0.9%
Neptunium
21.3%
Last of these creatures to become extinct? Passenger pigeon
69.2%
Woolly mammoth
3.8%
Dodo
24.4%
Triceratops
0.9%
Last of these to be invented? Printing press
60.4%
Glass
12.3%
Windmill
10.6%
Fireworks
13%
Last of these physicists to die? Nikola Tesla
59.5%
Michael Faraday
32.8%
Isaac Newton
2.5%
Galileo Galilei
1.2%
Last words of Charles Darwin? I am not in the least afraid to die
58.4%
What does this button do?
3.6%
May God forgive me
28.4%
I'd rather be in Bognor
6.4%
Last organ to be successfully transplanted? Lungs
55.7%
Pancreas
28%
Kidney
3.9%
Liver
8.9%
Last of these hominin species to die out? Homo neanderthalensis
55.5%
Homo ergaster
6.7%
Homo habilis
22.9%
Australopithecus afarensis
9.7%
Last of these hoaxes to be debunked? The BBC's 'spaghetti harvest'
52.1%
Piltdown Man
14%
The ten-foot tall 'Cardiff Giant'
13.5%
Redheffer's perpetual motion machine
15.6%
Last of these people to win the Nobel Prize for Chemistry? Linus Pauling
51.3%
Charles Rutherford
16.4%
Marie Curie
14.9%
Ernest Rutherford
14.6%
Last of these animals to be domesticated? Horses
41.2%
Dogs
22.9%
Sheep
16.9%
Cattle
14%
Last of these historical periods? Cretaceous
25.4%
Jurassic
19%
Devonian
25.5%
Cambrian
24.7%

From the Vault

'L' Countries by Length

by sproutcm

Geography 60s
There's something about the letter L that always reminds us of a straw.
Remove Ads.
Support Sporcle.
Get the best of Sporcle when you Go Orange. This ad-free experience offers more features, more stats, and more fun while also helping to support Sporcle. Thank you for becoming a member.

Show Comments

Extras

Top Quizzes Today


Score Distribution

Your Account Isn't Verified!

In order to create a playlist on Sporcle, you need to verify the email address you used during registration. Go to your Sporcle Settings to finish the process.

Report this User

Report this user for behavior that violates our Community Guidelines.

Details: